000 00438nam a2200169Ia 4500
008 180207s9999 xx 000 0 und d
020 _a9780698400740
050 _bW526 2007
100 _aWesterlund, Kate.
245 _aSharing Christmas /
245 _cKate Westerlund ; pictures by Eve Tharlet.
260 _aSwitzerland :
260 _bMineedition,
260 _c2007
300 _aunpaged :
300 _bcolor illustration ;
999 _c355050
_d355050